<?xml version="1.0" encoding="UTF-8"?>
<record
    xmlns:xsi="http://www.w3.org/2001/XMLSchema-instance"
    xsi:schemaLocation="http://www.loc.gov/MARC21/slim http://www.loc.gov/standards/marcxml/schema/MARC21slim.xsd"
    xmlns="http://www.loc.gov/MARC21/slim">

  <leader>00859nam a22002537a 4500</leader>
  <controlfield tag="005">20170123162313.0</controlfield>
  <datafield tag="010" ind1=" " ind2=" ">
    <subfield code="a">A-853859</subfield>
  </datafield>
  <datafield tag="020" ind1=" " ind2=" ">
    <subfield code="c">150.00</subfield>
    <subfield code="a">8186232478</subfield>
  </datafield>
  <datafield tag="035" ind1=" " ind2=" ">
    <subfield code="a">A-853859</subfield>
  </datafield>
  <datafield tag="037" ind1=" " ind2=" ">
    <subfield code="b">Cen Lib/Ret</subfield>
  </datafield>
  <datafield tag="040" ind1=" " ind2=" ">
    <subfield code="a">DPL</subfield>
    <subfield code="b">UR</subfield>
  </datafield>
  <datafield tag="082" ind1=" " ind2=" ">
    <subfield code="a">&#x6A9; </subfield>
    <subfield code="b"> &#x62C; &#x6CC; &#x644;</subfield>
  </datafield>
  <datafield tag="100" ind1=" " ind2=" ">
    <subfield code="a">&#x62C;&#x6CC;&#x644;&#x627;&#x646;&#x6CC; &#x628;&#x627;&#x646;&#x648; </subfield>
    <subfield code="9">112654</subfield>
  </datafield>
  <datafield tag="245" ind1=" " ind2=" ">
    <subfield code="a">&#x633;&#x686; &#x6A9;&#x6D2; &#x633;&#x648;&#x627; :</subfield>
    <subfield code="c">&#x62C;&#x6CC;&#x644;&#x627;&#x646;&#x6CC; &#x628;&#x627;&#x646;&#x648; </subfield>
    <subfield code="b"> &#x627;&#x641;&#x633;&#x627;&#x646;&#x6D2; /</subfield>
  </datafield>
  <datafield tag="246" ind1=" " ind2=" ">
    <subfield code="a">Sach ke siva : afsane /</subfield>
    <subfield code="b">by Jeelani Bano</subfield>
  </datafield>
  <datafield tag="260" ind1=" " ind2=" ">
    <subfield code="a"> &#x62F;&#x6C1;&#x644;&#x6CC;</subfield>
    <subfield code="b">&#x627;&#x6CC;&#x62C;&#x648;&#x6A9;&#x6CC;&#x634;&#x646;&#x644; &#x67E;&#x628;&#x644;&#x634;&#x646;&#x6AF; &#x6C1;&#x627;&#x624;&#x633; </subfield>
    <subfield code="c">1997</subfield>
  </datafield>
  <datafield tag="270" ind1=" " ind2=" ">
    <subfield code="a">&#x663;&#x661;&#x660;&#x668;&#x60C; &#x6AF;&#x644;&#x6CC; &#x648;&#x6A9;&#x6CC;&#x644;&#x60C; &#x6A9;&#x648;&#x686;&#x6C1;  &#x67E;&#x646;&#x688;&#x62A; &#x60C; &#x644;&#x627;&#x644; &#x6A9;&#x648;&#x627;&#x646; </subfield>
    <subfield code="b"> &#x62F;&#x6C1;&#x644;&#x6CC;</subfield>
    <subfield code="e">110006</subfield>
  </datafield>
  <datafield tag="300" ind1=" " ind2=" ">
    <subfield code="a">176p. </subfield>
    <subfield code="c">19cm(Hb)</subfield>
  </datafield>
  <datafield tag="650" ind1=" " ind2=" ">
    <subfield code="a"> &#x627;&#x62F;&#x628; - &#x627;&#x631;&#x62F;&#x648;</subfield>
    <subfield code="9">112655</subfield>
  </datafield>
  <datafield tag="650" ind1=" " ind2=" ">
    <subfield code="a"> &#x627;&#x631;&#x62F;&#x648; &#x6A9;&#x6C1;&#x627;&#x646;&#x6CC;&#x627;&#x6BA;</subfield>
    <subfield code="9">818</subfield>
  </datafield>
  <datafield tag="650" ind1=" " ind2=" ">
    <subfield code="a">Literature -- Urdu</subfield>
    <subfield code="9">112656</subfield>
  </datafield>
  <datafield tag="650" ind1=" " ind2=" ">
    <subfield code="a">Urdu stories </subfield>
    <subfield code="9">112657</subfield>
  </datafield>
  <datafield tag="942" ind1=" " ind2=" ">
    <subfield code="2">ddc</subfield>
    <subfield code="c">UR</subfield>
    <subfield code="h">&#x6A9; </subfield>
    <subfield code="m"> &#x62C; &#x6CC; &#x644;</subfield>
  </datafield>
  <datafield tag="999" ind1=" " ind2=" ">
    <subfield code="c">106499</subfield>
    <subfield code="d">106499</subfield>
  </datafield>
  <datafield tag="952" ind1=" " ind2=" ">
    <subfield code="0">0</subfield>
    <subfield code="1">0</subfield>
    <subfield code="4">0</subfield>
    <subfield code="7">0</subfield>
    <subfield code="a">L</subfield>
    <subfield code="b">L</subfield>
    <subfield code="d">2015-12-23</subfield>
    <subfield code="e">Cen Lib/Ret</subfield>
    <subfield code="g">150.00</subfield>
    <subfield code="l">0</subfield>
    <subfield code="o">&#x6A9;   &#x62C; &#x6CC; &#x644;</subfield>
    <subfield code="p">A-853859</subfield>
    <subfield code="r">2015-12-23 00:00:00</subfield>
    <subfield code="t">1</subfield>
    <subfield code="v">150.00</subfield>
    <subfield code="w">2015-12-23</subfield>
    <subfield code="y">UR</subfield>
  </datafield>
</record>
